00585 a2200181 4500010001400000020002300014035001300037037001800050082001100068100001900079245006500098260005400163270008800217300002500305500002000330650002500350700002800375 aENG-85727 a8189253387c125.00 aEN-69260 bD.B.Act / Pub a005.13 aGoel, Ritendra aProgramming C++cby Ritendra Goel and Akhilesh M. Srivastava aNew DelhibParagon International Publishersc2006 a5, Ansari Road, Darya GanjbNew DelhicDelhie110002k23274151mgph2004@yahoo.co.in a198 p.c24 cm. (Pbk) aIncludes index. aComputer programming aSrivastava, Akhilesh M.